Daňové podvody v praxi I. diel

Na minha lista:
Detalhes bibliográficos
Autor principal: Burák, Emil
Outros Autores: Rybanská, Blanka
Formato: Livro
Idioma:eslovaco
Publicado em: [S.l.] [s.n.] [2017]
Assuntos:
Tags: Adicionar Tag
Sem tags, seja o primeiro a adicionar uma tag!

MARC

LEADER 00000nam a2200000 4500
001 0245591
005 20221107100841.0
020 |a 978-80-973000-9-8 
041 0 |a slo 
044 |a SK 
245 1 0 |a Daňové podvody v praxi  |b I. diel  |c Emil Burák, Blanka Rybanská 
264 1 |a [S.l.]  |b [s.n.]  |c [2017] 
300 |a 245 s. 
610 2 0 |a dane 
610 2 0 |a osveta 
610 2 0 |a gramotnosť 
610 2 0 |a politika daňová 
610 2 0 |a únik daňový 
610 2 0 |a kriminalita 
610 2 0 |a podvody daňové 
610 2 0 |a firmy 
610 2 0 |a banky 
610 2 0 |a kontrola daňová 
610 2 0 |a opatrenia 
610 2 0 |a štát 
610 2 0 |a porovnanie medzinárodné 
610 2 0 |a Slovensko 
610 2 0 |a Európska únia 
100 1 |a Burák, Emil 
700 1 |a Rybanská, Blanka